000 00447nam a2200169 a 4500
005 20140412111310.0
008 010309s19uu xx 00 eng d
020 _a0-395-28803-7
050 _aER
_bLi72
100 _aGaldone, Paul
245 _aThe Little red hen /
_cPaul Galdone.
260 _aNew York :
_bClarion Books,
_c1973.
300 _a1 v. (unp.) ; ill.
650 _aHen - stories
650 _aHelping - stories
999 _c103950
_d103950